Walder Frey's Children - Statistics

General Stats
  • This quiz has been taken 21 times
  • The average score is 12 of 29
Answer Stats
Mother Son/Daughter % Correct
Perra Royce Stevron
78%
Amarei Crakehall Merrett
72%
Alyssa Blackwood Lothar
67%
Bethany Rosby Roslin
67%
Perra Royce Emmon
61%
Perra Royce Aenys
50%
Bethany Rosby Perwyn
50%
Annara Farring Elmar
44%
Alyssa Blackwood Jammos
44%
Bethany Rosby Olyvar
44%
Perra Royce Perriane
44%
Annara Farring Shirei
44%
Amarei Crakehall Danwell
39%
Amarei Crakehall Hosteen
39%
Cyrenna Swann Jared
39%
Cyrenna Swann Luceon
39%
Amarei Crakehall Raymund
39%
Amarei Crakehall Symond
39%
Annara Farring Waltyr
39%
Alyssa Blackwood Whalen
39%
Bethany Rosby Willamen
39%
Annara Farring Arwyn
33%
Bethany Rosby Benfrey
33%
Annara Farring Colmar
33%
Amarei Crakehall Geremy
33%
Alyssa Blackwood Tyta
33%
Alyssa Blackwood Morya
28%
Annara Farring Wendel
28%
Amarei Crakehall Lyenthe
6%
No matching quizzes found
Score Distribution
Percent of People with Each Score
Percentile by Number Answered
Your Score History
You have not taken this quiz